[Event "Hasselbacken op"]
[Site "Stockholm"]
[Date "2016.05.04"]
[Round "5"]
[White "Adhiban, Baskaran"]
[Black "Vorobiov, Evgeny E"]
[Result "1-0"]
[WhiteElo "2663"]
[BlackElo "2572"]
[Annotator "Adhiban,B"]
[PlyCount "55"]
[EventDate "2016.04.30"]
[EventType "swiss"]
[EventRounds "9"]
[EventCountry "SWE"]
[SourceTitle "CBM 173"]
[Source "ChessBase"]
[SourceDate "2016.07.12"]
[SourceVersion "1"]
[SourceVersionDate "2016.07.12"]
[SourceQuality "1"]

{The Hasselbacken Open this year was only its second edition but it was
organised in a fantastic way and also it was successful for me as I ended up
sharing first place with Andreikin (who was eventually crowned the winner
thanks to his superior tiebreak).} 1. e4 d6 2. d4 Nf6 3. Nc3 e5 4. Nf3 Nbd7 5.
Bc4 ({My previous games in this line were in} 5. g4 {Ala-Shirov who also
playing there!}) 5... Be7 6. a4 $5 {A somewhat subtle move order according to
Battu (Parimarjan Negi) But during the game I couldn't remember the full
details and just decided to put the faith on his opening prowess.} O-O 7. O-O
a5 8. h3 c6 9. Re1 {All natural moves and so far so good!} h6 (9... Nb6 $5 10.
Ba2 Nfd7 {is the popular way for Black.}) 10. Ba2 {To prevent any ...Nxe4
ideas and preparing Be3.} Re8 11. Be3 Qc7 12. Qe2 (12. Nd2 {was very tempting,
with idea to prepare f4, but I didn't like} Nf8 13. f4 Be6 $1 {It didn't look
like f4 did anything useful.}) 12... Nf8 {My last move was aimed against
preventing this but I missed the second rank defence with ...Bd8.} 13. Rad1 {
Continuing with the central strategy.} (13. Qc4 Bd8 {Black is holding on.})
13... Ng6 14. d5 $1 {Keeping the pressure.} (14. Nd2 exd4 15. Bxd4 Be6 {
with good chances to equalise.}) 14... Ra6 $5 ({The natural} 14... Nh7 {
would be met by} 15. Qc4 $1 Rf8 16. dxc6 bxc6 17. Nd5 {Black is not able to
prevent material losses.}) 15. Bc4 {I decided to improve my bishop's position.}
Ra8 16. Bb3 Ra6 17. Nd2 $1 {The knight on f3 was the only piece which was
feeling left out and now it joins the battle on the queenside with full force!}
Nh7 18. Nc4 Rf8 {Black is ready to close the queenside with ...c5 after which
he can concentrate on the kingside.} 19. dxc6 $1 (19. Qd3 c5 20. Nb5 Qd8 {
White knights have beautiful outposts on the queenside but unfortunately they
don't seem to do much :).}) 19... bxc6 20. Qd2 $6 {I thought this just
prevents any ideas involving ...Nf4.} (20. Qd3 $1 {was the strongest but for
some reason I ended up spending around 20 min and convinced myself that Qd2
was stronger.} Rd8 21. Nb5 cxb5 22. axb5 Ra8 23. Bb6 Qb8 (23... Qd7 24. Bxd8)
24. Bxd8 Nf4 {I didn't look at candidate moves in this specific position.} 25.
Qe3 (25. Qd2 $5 Bxd8 26. Qxd6) 25... Bxd8 26. Nxe5 (26. Nxd6 Be6) 26... Be6 27.
Nxf7 {with way too many pawns.} ({Also strong is} 27. Nc6 Qxb5 28. Nxd8 Qg5 29.
g3 $18)) 20... Nh4 $5 (20... Ng5 $1 {with similar ideas to the game, this was
the reason why Qd3 was stronger.}) 21. Qd3 $1 ({Another possible option was} 
21. Kh2 Rd8 22. f4 {, but didn't look in the spirit of the position since
already White has ideas involving Nb5.}) 21... Rd8 (21... Bxh3 22. gxh3 Nf3+
23. Kg2 Nxe1+ 24. Rxe1 $16) 22. Nb5 $1 {Now this sacrifice is much more
complicated due to the sacrifices on g2 and h3.} cxb5 (22... Qd7 23. Nbxd6 Nxg2
24. Nxc8 Qxc8 25. Qxd8+ $1 Bxd8 26. Nd6 $16) 23. axb5 a4 24. Ba2 ({Another
winning option was} 24. bxa6 Bxa6 (24... axb3 25. Bb6 Qd7 26. Bxd8 bxc2 27. Ra1
$1 $18) 25. Ba2 Rc8 26. b3 Nf6 $16 {Black only has practical chances to save
the game.}) 24... Nxg2 (24... Bxh3 {was the most tenacious although after} 25.
gxh3 Nf3+ 26. Kg2 Nxe1+ 27. Rxe1 Raa8 28. Bb6 Qd7 29. Bxd8 Rxd8 (29... Qxd8)
30. Nb6 {White is clearly on top.}) 25. Kxg2 Qd7 26. Bb6 Ng5 27. bxa6 Nxh3 28.
Nxe5 {A nice command of the space advantage and more superior pieces which is
maintained till the last position!} 1-0

[Event "Rilton Cup 23rd"]
[Site "Stockholm"]
[Date "1993.??.??"]
[Round "6"]
[White "Cramling, Pia"]
[Black "Agrest, Evgenij"]
[Result "1/2-1/2"]
[WhiteElo "2525"]
[BlackElo "2465"]
[Annotator "Agrest,E"]
[PlyCount "79"]
[EventDate "1993.12.??"]
[EventType "swiss"]
[EventRounds "9"]
[EventCountry "SWE"]
[SourceTitle "EXT 2000"]
[Source "ChessBase"]
[SourceDate "1999.11.16"]
[SourceVersion "1"]
[SourceVersionDate "1999.11.16"]
[SourceQuality "1"]

1. d4 d6 2. e4 Nf6 3. Nc3 e5 4. Nf3 Nbd7 5. Bc4 (5. Bg5 $6 Be7 6. Qe2 c6 7.
O-O-O Qa5 8. h4 b5 9. g4 b4 10. Nb1 Qxa2 11. Bh3 Nb6 12. b3 Ba6 13. Qe3 c5 $1
14. dxe5 dxe5 15. Nxe5 c4 16. Nxc4 Nxc4 17. bxc4 Bxc4 18. Qd4 b3 $1 19. Qb2
bxc2 20. Qxc2 Qa6 21. Bxf6 Bxf6 22. g5 Be5 23. Bd7+ Ke7 24. Qd2 Rhb8 {0-1/
Hillarp Persson,T-Agrest,E/Malmo/1993/}) 5... Be7 6. O-O O-O 7. Re1 (7. Bg5 $6
$146 c6 8. a4 h6 9. Bh4 a5 10. Qe2 exd4 11. Nxd4 Ne5 12. Bg3 Qb6 $1 $15 13. Nf5
Bxf5 14. Bxe5 $4 Bg4 {0-1/Adler,B-Agrest,E/Sweden/1993/}) 7... c6 8. a4 b6 9.
d5 (9. Bg5 Bb7 $6 $146 (9... a6 $142) 10. Bxf6 $1 Bxf6 11. d5 c5 12. a5 $1 g6
13. Qd3 $6 (13. Qe2 $142 $1 $14) 13... a6 $1 14. axb6 $8 Nxb6 $13 {Malaniuk,
V-Agrest,E/St.Petersburg/1994/}) 9... Bb7 10. Bg5 $6 $146 (10. dxc6 $142) 10...
Rc8 $5 (10... cxd5 11. Bxf6 (11. Nxd5 Bxd5 $1 12. exd5 Rc8 13. b3 h6 $1 14. Bh4
Nc5 $36) (11. exd5 Rc8) 11... dxc4 12. Bxe7 Qxe7 13. Nb5 Nc5 (13... d5 $5) 14.
Qxd6 Qxd6 (14... Rfe8 $5) 15. Nxd6 f6 $1 $10 16. Nd2 $140 c3) 11. Bxf6 Nxf6 12.
dxc6 Rxc6 $1 13. Qd3 (13. Bb3 Rxc3 $1 14. bxc3 Nxe4 $15) (13. Bd5 Nxd5 (13...
Rxc3 $5 14. Bxb7 (14. bxc3 Nxd5 $44) 14... Rc5 {/\ d5, Qc7}) 14. Nxd5 Rc5 $13)
13... Rc5 {xd5} 14. Nd2 Nh5 {/\ Nf4} 15. g3 Nf6 16. Nb3 (16. Nf1 Qa8 {xd5} (
16... d5 $5)) (16. Nd5 Nxd5 17. Bxd5 Bxd5 18. exd5 f5 $36) 16... Rc7 17. a5 Qc8
$1 18. Nd2 Qh3 $36 19. Nf3 Qg4 20. Nd2 Qh3 21. Nf3 Qh5 22. Ra4 Kh8 {/\ Ne4} (
22... bxa5 $5) 23. axb6 axb6 24. Nd5 Bxd5 25. Bxd5 Nxd5 26. exd5 Qg6 $1 27.
Qxg6 $2 $138 (27. Rc4 $1 $8 Rfc8 (27... Qxd3 28. cxd3 Rfc8 (28... Rc5 $6 29.
Rxc5 bxc5 30. d4 $1) 29. Rec1 Rxc4 30. Rxc4 Rxc4 31. dxc4 $10) 28. Rxc7 Rxc7
29. Qxg6 hxg6 30. Re2 Bf6 $15) 27... fxg6 $3 $17 28. Kg2 Rxc2 29. Ra7 Bf6 (
29... Rf7 $1 $17) 30. Rd7 h5 $2 $138 (30... g5 $1 31. h3 (31. g4 Rc4 $1) 31...
h5 32. g4 $8 hxg4 33. hxg4 Rc4 34. Kg3 (34. Nh2 Rd8 $1 $17) 34... Rf4 $1 35.
Nd2 e4 $1 36. Nxe4 Bxb2 {/\ Be5-/+}) 31. Rxd6 g5 (31... Be7 32. Re6 $8 Bc5 33.
Rf1 Rxb2 34. g4 $10 {/\ Ne5}) 32. Rc6 $3 $8 Rxb2 33. h3 $1 $8 Rd8 (33... g4 34.
hxg4 hxg4 35. Nh2 $10) 34. d6 Kg8 35. g4 $1 $10 hxg4 36. hxg4 Rb4 37. Nxe5 Bxe5
38. Rxe5 Rxg4+ 39. Kf3 Rd4 40. Rxb6 1/2-1/2

[Event "Bundesliga 0506"]
[Site "Germany"]
[Date "2005.11.13"]
[Round "4.4"]
[White "Holzke, Frank"]
[Black "Seel, Christian"]
[Result "1-0"]
[WhiteElo "2479"]
[BlackElo "2492"]
[Annotator "Atlas,V"]
[PlyCount "49"]
[EventDate "2005.10.21"]
[EventType "team-tourn"]
[EventRounds "15"]
[EventCountry "GER"]
[SourceTitle "CBM 110"]
[Source "ChessBase"]
[SourceDate "2006.01.31"]
[SourceVersion "1"]
[SourceVersionDate "2006.01.31"]
[SourceQuality "1"]
[WhiteTeam "Wattenscheid"]
[BlackTeam "Godesberg"]
[WhiteTeamCountry "GER"]
[BlackTeamCountry "GER"]

1. e4 e5 2. Nf3 d6 3. Bc4 Be7 4. O-O Nf6 5. Re1 O-O 6. c3 c6 7. Bb3 d5 8. d3
dxe4 9. Nxe5 exd3 10. Qxd3 Nbd7 11. Nxd7 Bxd7 12. Bg5 Bg4 13. Qg3 Qd7 14. Nd2
Rae8 $2 ({This imprudent move is elegantly refuted by White. Correct was} 14...
Bh5) {[%tqu "En","This position may appear equal, but, in fact, White has here
a winning combination. Can you find it too?","Exploit a shaky position of
Black's light-squared bishop and the tension on the diagonal d8-h4.","Use your
e1-rook to break Black's defense.","e1e7","This crushing blow yields White a
decisive advantage.",5]} 15. Rxe7 $1 {[%csl Rf6,Gg3,Rg4,Gg5] A nice refutation
of Black's careless play.} Rxe7 (15... Qxe7 {falls short of} 16. Bxf6 Qxf6 17.
Qxg4) 16. f3 (16. h3 $1 {was even stronger:} Re2 17. Bxf6 Rxd2 18. Be5 {
, and White is winning.}) 16... Re2 17. Nf1 Nd5 (17... Qf5 {was more tenacious:
} 18. Bxf6 Qxf6 19. Qxg4 Rxb2) 18. fxg4 h6 19. Qf3 Rfe8 20. Bd2 Nf6 21. g5 hxg5
22. Bxg5 Nh7 $2 {This move simplifies White's task, but Black's position is
lost anyway.} 23. Rd1 Nxg5 (23... Qc7 {loses after} 24. Bd8 $1) 24. Qxe2 $1
Nh3+ 25. gxh3 1-0

[Event "Beijing zt 3.3"]
[Site "Beijing"]
[Date "2005.10.24"]
[Round "8"]
[White "Wei, Chenpeng"]
[Black "Wang, Rui"]
[Result "0-1"]
[WhiteElo "2390"]
[BlackElo "2474"]
[Annotator "Atlas,V"]
[PlyCount "98"]
[EventDate "2005.10.20"]
[EventType "tourn"]
[EventRounds "9"]
[EventCountry "CHN"]
[EventCategory "10"]
[SourceTitle "CBM 110"]
[Source "ChessBase"]
[SourceDate "2006.01.31"]
[SourceVersion "1"]
[SourceVersionDate "2006.01.31"]
[SourceQuality "1"]

1. e4 d6 2. d4 Nf6 3. Nc3 e5 4. Nf3 Nbd7 5. Bc4 Be7 6. O-O O-O 7. Re1 c6 8. a4
Qc7 9. b3 Nb6 10. Be2 Bg4 11. h3 Bh5 12. Bg5 h6 13. Bh4 Nxe4 14. Nxe4 Bxf3 15.
Bxe7 Bxe2 16. Bxd6 Bxd1 17. Bxc7 Bxc2 18. dxe5 Rfc8 19. Bd6 Nd7 20. Re3 (20. a5
{deserved here serious attention.}) 20... c5 21. Rc1 Bxe4 22. Rxe4 a5 23. f4
Rc6 24. g4 (24. Kf2 {was a stronger continuation.}) 24... Rac8 25. Rec4 f6 $1
26. Kf2 fxe5 27. fxe5 Kf7 28. Ke3 Rb6 29. R1c3 Ke6 30. Ke4 Rbc6 31. h4 Rg8 32.
Rf3 Re8 33. Rf1 $2 ({This unfortunate error is convincingly refuted by Black.
Correct was} 33. Rf2 {or 33. Rd3, and White still maintains a slight edge.}) {
[%tqu "En","At first glance, White has a slight advantage. Yet, his last move
was a serious mistake. How would you prove it?","Exploit an unfortunate
placement of White's rooks.","Use your c6-rook for the decisive blow.","c6d6",
"This spectacular sacrifice gives Black a large advantage.",6]} 33... Rxd6 $1 {
[%csl Rc4,Gd7,Re4,Ge8,Rf1] This sacrifice was obviously overlooked by White.
Now his position becomes critical.} 34. exd6 Kxd6+ 35. Kf3 $2 ({More stubborn
was} 35. Kd3 Ne5+ 36. Kc3 Nxc4 37. Rd1+ $1 {, and now Black can choose between}
Nd2 38. Rxd2+ Kc6 {and 37..Kc6 38.bc4 Re4 39.Rg1 g5, with good winning chances
in both lines.}) 35... Ne5+ 36. Kg3 Nxc4 37. bxc4 Re3+ 38. Kf4 (38. Rf3 {
loses to} Rxf3+ 39. Kxf3 Ke5 40. Ke3 g5 41. h5 b6) 38... Rc3 {Now it is all
over.} 39. Kf5 Rxc4 40. Rg1 Rxa4 41. Kg6 c4 42. Kxg7 c3 43. Kxh6 c2 44. Kh5 Rc4
45. Rc1 b5 46. g5 b4 47. g6 b3 48. g7 Rc8 49. Kh6 Rb8 0-1

[Event "SWE-ch"]
[Site "Linkoping"]
[Date "2001.07.03"]
[Round "4"]
[White "Carlsson, Pontus"]
[Black "Agrest, Evgenij"]
[Result "1/2-1/2"]
[WhiteElo "2330"]
[BlackElo "2532"]
[Annotator "Bangiev,A"]
[PlyCount "79"]
[EventDate "2001.06.30"]
[EventType "tourn"]
[EventRounds "13"]
[EventCountry "SWE"]
[EventCategory "8"]
[SourceTitle "CBM 085"]
[Source "ChessBase"]
[SourceDate "2001.11.13"]
[SourceVersion "1"]
[SourceVersionDate "2001.11.13"]
[SourceQuality "1"]

1. e4 d6 2. d4 Nf6 3. Nc3 e5 4. Nf3 Nbd7 5. Bc4 Be7 6. O-O O-O 7. Re1 c6 8. a4
b6 9. d5 {Dieser Vorstoß im Zentrum gehört zu den typischen Weißmotiven in der
Philidor-Verteidigung.} cxd5 10. Bxd5 {Das Nehmen mit dem Springer (10.Nd5)
stellt hier eine Alternative dar.} Rb8 {Schwarz beabsichtigt damit den Vorstoß
b6-b5-b4 nach etwa 10..a6, 11..b5 vorzubereiten.} (10... Nxd5 11. Nxd5 Bb7 (
11... Nc5 12. Be3 Nxe4 13. Bxb6 axb6 14. Rxe4 Bb7 15. Rb4 $36 {1-0 Vallejo
Pons,F-Bellini,F/Mondariz 2000/(29)}) 12. c4 {Es dem Weißen gelungen, die
Kontrolle über die Felder c4,d5,e4 zu sichern.} Rc8 (12... f5 13. exf5 Rxf5 14.
Nd4 Rf7 15. Ne6 $16 {1-0 De Vreugt,D-Ellenbroek,T/Breda 2001/(71)}) 13. b3 Nc5
14. Ra2 Bxd5 15. exd5 a5 16. Rae2 Rc7 17. Be3 f5 18. Qc2 g6 19. Nd2 Bg5 $132 {
0-1 Mazi,L-Kiss,A/St Veit 1998/(40)}) 11. b3 (11. Nd2 a6 12. Qe2 Qc7 13. Nf1
Nc5 14. Bg5 Ne8 15. Bd2 Ne6 16. Be3 Qd8 17. Red1 $14 {1/2-1/2 Koskela,N-Agrest,
S/Helsinki 1999/(69)}) 11... a6 (11... Nc5 12. Ba3 Be6 13. Bxc5 bxc5 14. Qd3
Nh5 15. Ne2 Kh8 16. Nd2 Bc8 17. Rad1 g6 18. Nc4 $14 {1/2-1/2 Jurkiewicz,
K-Dworakowska,J/Zakopane 2000/(77)}) 12. Bc4 Bb7 13. Bg5 {Weiß droht durch
Tausch auf f6 die Kontrolle über das Feld d5 zu sichern.} Ne8 $6 {Schwarz hat
hier die Wahl zwischen 13...Rc8 sowie 13...Qc7 und 13...h6. Der Partiezug ist
offenbar ein Versuch durch den Tausch der schwarzfeldrigen Läufer die
schwarzen Felder im Lager des Weißen zu schwächen.} (13... Rc8 $5 14. Bxf6 (14.
Qd3 $6 Nc5) (14. Qd2 h6 15. Bxf6 Nxf6 16. Nd5 Nxd5 17. Bxd5 Bxd5 18. exd5 f5
$132) 14... Nxf6 15. Qd3 Qc7 16. Rac1) (13... h6 $6 14. Bxf6 Nxf6 15. Qd3 $36)
14. Bxe7 Qxe7 15. Bd5 (15. Qd2 Kh8 16. Rad1 f5) 15... Ndf6 16. Bxb7 Qxb7 17.
Qd3 Rc8 18. Na2 {/\19.c4 gefolgt von Nc3} (18. Re2 Qc7 $132) 18... Nd7 (18...
d5 $5 19. Nxe5 (19. exd5 $2 e4) 19... dxe4 20. Qe2 Nd6 $132) 19. Rad1 (19. Nb4
Nc5 20. Qe3 Nf6 $132) (19. c4 Nc5 20. Qc2 {/\Nc3} b5 21. cxb5 axb5 $132) 19...
Nc5 20. Qe2 a5 {Am Damenflügel und im Zentrum spielt Schwarz offenbar auf die
Blockade auf den schwarzen Feldern. Der weißen Druck auf d-Linie muss er
allerdings in Kauf nehmen.} (20... f5 21. exf5 Rxf5 22. Nb4 $14) (20... Nf6 21.
Nd2 b5 $132) 21. Nd2 {/\Nc4 mit Druck auf Pd6.} Ne6 (21... f5 22. exf5 Rxf5 23.
c4 $14) 22. Nc4 {[%mdl 32] Weiß verfolgt eine geschickte Strategie, er ist
nämlich konsequent bemüht, die weißen Felder zu sichern und die schwarzen
Felder, u.a. das Feld d6, anzugreifen.} Nd4 (22... f5 23. Nc3 Nf4 24. Qe3 fxe4
25. Nxd6 Nxd6 26. Rxd6 $14) 23. Qd3 f5 24. Nc3 f4 {Schwarz ist bemüht, am
Königsflügel die Initiative zu ergreifen.} 25. Nb5 (25. Nd5 $5 {Dies wäre eine
gute Alternative. Zu den Trümpfen des Weißen gehören der Nc4, die sichere
Kontrolle über die weißen Felder, der Druck auf der d-Linie, z.B.} f3 $5 26.
Ndxb6 Rd8 27. Nd5 fxg2 28. Kxg2 Qf7 29. Rf1 Nf3 30. Nd2 $16 {Weiß steht nun
klar besser.}) 25... Nxb5 26. axb5 Rc5 $6 {Führt zum Verlust der wichtigen
Bauern d6 und e5.} (26... f3 $5) 27. Nxd6 Nxd6 28. Qxd6 Rxc2 29. Qxe5 $16 Qf7 {
/\Qb3} 30. Qd5 (30. Rd3 $5 Re8 (30... Rc5 31. Qd6 Rxb5 32. e5 $16) 31. Qd6 Qh5
32. Qxf4 Rf8 33. Qd6 Rcxf2 (33... Rfxf2 $2 34. Qe6+) 34. Qd5+ Qxd5 35. exd5 $16
) 30... Rc5 $1 31. Qxf7+ Kxf7 32. Rd7+ Kg6 33. Rd6+ Rf6 $11 34. Rd5 Rc3 35. Rb1
f3 36. gxf3 Rcxf3 37. Rb2 R3f4 38. Re2 Re6 39. Kg2 Rfxe4 40. Rxe4 1/2-1/2

[Event "EU-ch 2nd"]
[Site "Ohrid"]
[Date "2001.06.14"]
[Round "13"]
[White "Smirnov, Pavel"]
[Black "Cyborowski, Lukasz"]
[Result "1/2-1/2"]
[WhiteElo "2511"]
[BlackElo "2450"]
[Annotator "Bangiev,A"]
[PlyCount "82"]
[EventDate "2001.06.01"]
[EventType "swiss"]
[EventRounds "13"]
[EventCountry "YUG"]
[SourceTitle "CBM 084"]
[Source "ChessBase"]
[SourceDate "2001.09.13"]
[SourceVersion "1"]
[SourceVersionDate "2001.09.13"]
[SourceQuality "1"]

1. e4 d6 2. d4 Nf6 3. Nc3 e5 4. Nf3 Nbd7 5. Bc4 Be7 6. O-O O-O 7. a4 c6 8. Re1
b6 9. Ba2 a6 {/\ b5} 10. Be3 Ng4 (10... b5 $6 11. axb5 cxb5 (11... axb5 $2 12.
Bxf7+) 12. b4 $14) (10... Rb8 11. h3 b5 12. axb5 axb5 13. b4 $14) 11. Bd2 Ngf6
12. Qe2 (12. d5 $6 c5) 12... Qc7 13. Rad1 b5 14. Bg5 Re8 (14... b4 15. Nb1 Qa5
$5) 15. h3 Rb8 {Damit bereitet sich Schwarz auf den weißen Vorstoß d4-d5 vor 
(der Bauer b5 ist nun gedeckt).} (15... b4 $5 16. Nb1 (16. dxe5 dxe5 17. Bxf6
Nxf6 18. Ng5 Rf8 19. Bxf7+ Rxf7 20. Qc4 Bf8 $15) 16... a5 17. Nbd2 (17. Qc4 Rf8
) 17... Ba6 18. Bc4 Bxc4 19. Nxc4 exd4 20. Nxd4 d5 21. exd5 Bc5 22. Ne3 cxd5
23. Qf3 $14) (15... Bf8 16. d5 $1) 16. Bh4 Bf8 17. dxe5 dxe5 18. Rxd7 $3 {
[%mdl 512]} (18. Ng5 Re7) 18... Bxd7 (18... Nxd7 $2 19. Ng5 Re7 20. Nxh7 $1 Nc5
(20... Kxh7 $2 21. Qh5+ Kg8 22. Bxe7 $18) 21. Qh5 $40) (18... Qxd7 19. Bxf6
gxf6 20. axb5 axb5 21. Nh4 $40) 19. Bxf6 gxf6 {Die schwarze Königsstellung ist
nun geöffnet worden.} 20. Nh4 Be6 (20... bxa4 21. Nxa4) (20... b4 21. Nd1) 21.
Qh5 {Mit dem Qualitätsopfer im 18. Zug hat Weiß eindeutig die Initiative
übernommen, das Spiel am Königsflügel geöffnet und seine Figuren vorteilhaft
entwickelt.} b4 $6 (21... Bxa2 22. Nxa2 (22. Nf5 Be6 23. Re3 bxa4 24. Rg3+ Kh8
25. Qg4 Bh6 $19) 22... bxa4 23. Re3 ({oder} 23. Qg4+ Kh8 24. Nf5 Rxb2 25. Re3)
23... Rxb2 24. Qg4+ $1 (24. Rg3+ Kh8 25. Nf5 Qd7 26. Nh6 (26. Qg4 Bh6) 26...
Bg7 27. Rxg7 (27. Nxf7+ Kg8 28. Nh6+ Kh8 $11) 27... Kxg7 28. Nf5+ Qxf5 (28...
Kh8 29. Qh6 Qxf5 30. exf5 Rxa2 31. Qxf6+ Kg8 32. Qg5+ Kf8 33. f6 $18) 29. exf5
Rxa2 30. Qg4+ Kh8 (30... Kf8 31. Qb4+ Kg7 32. Qb1 Ra3 33. Qb2 $18) 31. Qh4 Kg7
(31... Ra1+ 32. Kh2 Kg7 33. Qg3+ Kf8 34. Qc3 Rd1 35. Qxc6 a3 36. Qxa6 $13) 32.
Qg4+ Kh8 33. Qh4 $11) 24... Kh8 25. Nf5 Qc8 (25... Rxa2 26. Rg3 $18) 26. Rg3
Bh6 27. Qh5 $1 (27. Qh4 Bg5 28. Rxg5 fxg5 29. Qxg5 Qxf5 30. Qxf5 Rxa2 31. Qxf7
$16) 27... Bg5 (27... Bf4 28. Qxf7 $18) 28. Rxg5 fxg5 29. Qxf7 $18) (21... Bg7
22. Re3 Kh8 23. Rg3 Qd7 {/\Rg8} 24. Nd1 $1 (24. Rd3 Qc7 25. Rg3 Qd7) 24... bxa4
(24... Qd2 25. Ne3 Bxa2 26. Rxg7 $1 $18) 25. Ne3 Rg8 (25... Bxa2 26. Rxg7 $1
$18) 26. Bxe6 Qxe6 27. Nhf5 $1 {/\Rg4 gefolgt von Rh4} Bf8 28. Rxg8+ Kxg8 29.
Ng4 $1 Kh8 30. c3 (30. Qh4 Rb4 $1 31. f3 (31. Nxf6 $2 Qxf5) 31... c5) 30... c5
$1 31. Qh4 Rb6 $17) 22. Re3 $1 Bg7 (22... bxc3 $2 23. Rg3+ Kh8 24. Bxe6 Rxe6 (
24... cxb2 $2 25. Bf5 b1=Q+ 26. Kh2 h6 27. Qg4 $18) 25. Nf5 $1 $18 {/\Qg4} cxb2
26. Qg4 b1=Q+ 27. Kh2 $18) (22... Bxa2 $2 23. Rg3+ Kh8 24. Nxa2 $16) 23. Rg3 {
Auf der offenen g-Linie stehen die weißen Figuren zum Eingreifen bereit.} Kh8
24. Nd1 (24. Bxe6 fxe6 $17) 24... Qd7 {/\Rg8} (24... Bxa2 $2 25. Rxg7 $1 Kxg7
26. Nf5+ Kh8 27. Qh6 Rg8 28. Qxf6+ $18) (24... Rg8 $4 25. Bxe6) 25. Ne3 Rg8 (
25... Bxa2 $2 26. Rxg7 $1 $18) 26. Nhf5 (26. Bxe6 $1 {Dies sollte den letzten
Verteidiger der weißen Felder entfernen und dem Weißen ein sicheres
Übergewicht gewährleisten.} Qxe6 (26... fxe6 $4 27. Ng6#) 27. Nhf5 Bf8 28.
Rxg8+ Kxg8 29. Ng4 {/\Qh4} b3 (29... c5 30. a5) 30. c3 c5 31. a5 (31. Ngh6+ Kh8
32. Nxf7+ Kg8 33. N7h6+ Bxh6 34. Qxh6 Rb7 $13) (31. Qh4 Rb6 32. Nge3 Kh8 33.
Nd5 Rc6 34. Qg4 $16) 31... Rc8 32. Qh4 Rc6 33. Nge3 {Der schwarze König kann
nicht aus seiner bedrängten Lage entweichen. Deswegen kann Weiß zunächst seine
Figuren umgruppieren.} c4 34. Nd5 Kh8 35. Qg4 Rd6 36. Nde7 Qxe7 37. Nxe7 Bxe7
38. Qc8+ Kg7 39. Qxc4 $18) 26... Bxf5 (26... Bxa2 27. Rg4 Bh6 $1 (27... Qd2 28.
Rh4 $18) 28. Qxh6 Rg6 29. Qh5 Qe8 (29... Qd2 30. Rh4 $18) 30. Rh4 Qg8 31. b3
Rg5 32. Qd1 $18) 27. exf5 (27. Nxf5 {/\Rg4 gefolgt von Rh4} Bf8 $1 28. Bxf7
Rxg3 29. fxg3 Bc5+ 30. Kh2 Rd8 {/\Qd1} 31. h4 $5 (31. Bc4 Qd1) (31. Bg6 Rg8 32.
Bf7 Rg5) 31... Qd1 (31... a5 32. Bc4 Qd1 33. Qf7 $18) 32. Qh6 Qg1+ 33. Kh3 Qh1+
34. Kg4 Qd1+ 35. Kh3 Qh1+ $11) 27... Bf8 (27... Rbf8 28. Rg4 c5 29. Rh4 h6 30.
Ng4 Qd2 31. Bxf7 $16) 28. Ng4 {/\Nf6} Qd1+ $1 29. Kh2 Rg7 $1 30. Qh4 (30. Nxf6
Qxh5 31. Nxh5 Rxg3 32. Kxg3 Rd8 33. Bxf7 Rd2 $36) 30... e4 (30... Qxc2 31. Qxf6
Qxb2 32. Bc4 $16) 31. Nh6 (31. Qxf6 Qd6 $1 (31... Bd6 $2 32. Ne5 $18) 32. Qh4
Be7 33. f6 Rxg4 $1 34. Qxg4 Bxf6 35. Bxf7 Be5 $15) 31... Rb7 (31... Bd6 32.
Qxf6 Bxg3+ 33. fxg3 Rb7 34. Nxf7+ Rbxf7 35. Bxf7 $16) 32. Re3 (32. Rxg7 Kxg7
33. Ng4 Be7 34. Qh6+ Kh8 35. Bb3 Rd7 $17) 32... Bd6+ 33. g3 Qf1 $1 (33... Qxc2
34. Kg2 Qxb2 35. Qxe4 (35. Rxe4 Rxg3+ $1) 35... Rxg3+ $1 36. Rxg3 Bxg3 37. Kxg3
Kg7 38. Qf4 Qxa2 39. Ng4 Kf8 40. Qd6+ Re7 41. Qxf6 $13) 34. Ng4 Rxg4 35. Qxf6+
Kg8 (35... Rg7 36. Qd8+ Bf8 (36... Rg8 37. Qf6+) 37. Qxf8+ Rg8 38. Qd6 Qxf2+
39. Kh1 Qxf5 $17) 36. hxg4 Qxf2+ 37. Kh3 Qf1+ (37... Qxe3 38. Qxd6 Qc1 39. Qd8+
Kg7 40. f6+ $1 Kg6 41. Qg8+ Kxf6 42. Qh8+ Ke7 43. Qe5+ Kd7 44. Qd4+ Kc8 45.
Qh8+ Kc7 46. Qe5+ Kb6 47. Qd4+ Kc7 (47... c5 48. Qd6+ Ka7 49. Qxc5+) 48. Qe5+
Kd7 49. Qd4+ $11) 38. Kh2 Qf2+ 39. Kh3 Qf1+ 40. Kh2 Qf2+ 41. Kh3 Qf1+ 1/2-1/2